LEADER 01277nam a2200313 a 4500 001 000000167233 003 CaOOAMICUS 005 20220705174629.0 008 180419s1986 it u000 u ita r 020 $a88-340-0854-5* 032 $aLibriCat 040 $aPUL$bita 041 1 $aita$hfre 130 3 $aLe mythe individuel du nevrose.$lItaliano.$0(OLS)http://pul/title/207183 245 13$aIl mito individuale del nevrotico /$cJacques Lacan ... [et al.] ; a cura di Antonio Di Ciaccia. 260 $aRoma :$bAstrolabio,$c©1986. 300 $a193 p. ;$c21 cm. 490 1 $aPsiche e coscienza 504 $aInclude indici e riferimenti bibliografici. 650 4$aNevrosi.$0(OLS)http://pul/subject/7267 700 1 $aLacan, Jacques,$d1901-1981.$0(OLS)http://pul/name/53292 830 0$aPsiche e coscienza.$0(OLS)http://pul/title/72474 850 $aPUL 852 $aPUL$W1$xDP1 Fondo Dalla Palma$y117$m2 C 42$j14635$qFondi$B194776$CPULBib$Z2$F194776 $HDal3194 $81 941 1 $a1 996 $6020$a88-340-0854-5*$9(OLS)http://pul/number/163824 996 $6245$aIl mito individuale del nevrotico$9(OLS)http://pul/title/207184 996 $6260$aRoma :$bAstrolabio$9(OLS)http://pul/publisher/68700 LEADER 01646nam a2200325 a 4500 001 000000150935 003 CaOOAMICUS 005 20160401141350.0 008 160401s2002 it frm z000 u eng r 020 $a88-8333-047-1* 032 $aLibriCat 040 $aPUL$bita 100 1 $aO'Connell, Mark William,$cvescovo,$d1964-$0(OLS)http://pul/name/96047 245 14$aThe mobility of secular clerics and incardination, canon 268 § 1 /$cMark William O'Connell. 260 $aRoma :$bEDUSC,$c2002. 300 $a281 p. ;$c24 cm 440 0$aDissertationes (Pontificia Universitą della Santa Croce).$pSeries canonica ;$v5 502 $aTesi -- Pontificia Universitas Sanctae Crucis. Facultas Iiuris Canonici, 2002. 504 $aBibliografia: p.[263]-272. 650 4$aOrdinazione sacerdotale (diritto canonico).$0(OLS)http://pul/subject/39929 710 2 $aPontificia Universitą della Santa Croce.$bFacoltą di diritto canonico.$kTesi.$0(OLS)http://pul/name/66397 830 0$aDissertationes (Pontificia Universitą della Santa Croce).$pSeries canonica ;$v5.$0(OLS)http://pul/title/103377 850 $aPUL 852 $aPUL$W1$xDP1 Tesi Pon. Univ. S. Croce$y43$m2002 C 3$j140147$qTesi$B175552$CPULBib$Z2$F175552 $82 941 1 $a16 996 $6020$a88-8333-047-1*$9(OLS)http://pul/number/160175 996 $6245$aThe mobility of secular clerics and incardination, canon 268 § 1$9(OLS)http://pul/title/190119 996 $6440$aDissertationes (Pontificia Universitą della Santa Croce).$pSeries canonica$9(OLS)http://pul/title/103377 996 $6260$aRoma :$bEDUSC$9(OLS)http://pul/publisher/79480